Fini les paroles : Gazo - Statistiques

Statistiques générales
  • Ce quiz a été pris 120 fois
  • Le résultat moyen est 12 sur 30
Statistiques - réponses
Chansons Nombre de mots manquants Paroles Réponse % Correct
DIE 1 Veulent voler mon flow et veulent voler ma 'sique Eux, c'est mes babies, de tout-petits nous Pour eux, que des baffes et des coups de... Genoux
87%
NANANI NANANA 2 C'est moi contre elle en un contre un Mon partenaire d'enfer C'est top secret, c'est... Sous contrat
68%
FLEURS 1 Tellement ma gue-dro m'guérit, médicinale est ma beugeuh J'ai des Gazo qui sont partis, j'dois aller déposer des fleurs De l'intérieur, ça me détruit, tellement qu'j'arrive plus à... Pleurer
65%
KAT 1 Quand j'étais en furie, j'allais casser des vitres sur le périphérique Tout est prohibé, en bossant les bras, j'mets du "P.I.B" Y a que d'la re-pu comme aux... Pays-Bas
59%
HAINE&SEX 1 Car j'ai le bras long, j'suis comme Luffy, hey Que des hypocrites et des bitches, veulent boire mon sang comme dans Buffy Plus de ients-cli, plus de profits là, la vie est courte, donc je... Profite
58%
NOTRE DAME 2 Dans un autre état, bébé, dans un piteux état J't'avoue, là, j'ai merdé grave Et c'est toi ma... Number one
56%
BECTE 2 Si y a heja, c'est qui qui shoote? On sait tous qui est volontaire Mon avocat a l'habitude des... Homicides involontaires
55%
Drill FR 4 1 Dakatine en guise de protéine Tu connais, chez nous, que la 0.9 Si je sors le fer, c'est pas pour les... Meufs
53%
CELINE 3X 3 Tous ces négros croient qu'j'ai pacté pour une belle vieParce que j'suis en BSB et en Dolce & Gabbana J'oublie ma haine quand j'suis entouré d'... Filles de joie
52%
TCHIN 2X 3 Tous mes vrais Gazo shootent J'ai les yeux rouges sous le bob Gucci Te laisser pour mort... Dans les chiottes
50%
CARTIER 2 J'étais en chien, ils sont partis depuis, mais y a R R sur ma vie, mes gaz, mes douilles Qui veut revenir? J'te mets... Au défi
49%
RAPPEL 4 Y a ceux qui voudraient ma tête, y a ceux qui prient pour oi-m Tu voulais qu'j'sois plus méchant, tiens, me voilà dans toi Aucune pitié, on les grr, en mode... Bien fait pour toi
48%
NO LÈCHE 1 Là, tous mes démons sont de mèche, BSB n'suce jamais, no lèche Tel un chien qu'on a trouvé au S.P.A J'kassav ta bitches et j'l'emmène au... Spa
48%
KASSAV 3 J'suis sur Paris et puis, j'revends la coke white
Au studio Tiako fait les toplines, en Fendi, Gucci, Louis, Off-White
Sherko, movie, salope est...
Dans mon jacuzzi
47%
EUPHON 3 Ils ont l'seum les gens vu qu'j'avais pas d'argent Ils parlent de nous auparavant devant des bitchs choquées, hey Plus rien n'est comme avant, vois comment... Tourne le vent
45%
MAUVAIS 2X 3 Ça leur apprendra à jouer les stocks
J'le ravitaille, nan, mon négro, j'suis plus devant le bloc, hey
J'suis entouré de tueurs et de...
Dealers de drogue
39%
BODIES 2 J'ai cinquante milles eu' sur ma wrist Eh, m'ont pas vu passer le cap Donc ils me croient cap' de signer... Un pacte
39%
MOLLY 3 Comme si j'avais pris Molly, Percocet J'peux plus faire un effort Donc j'tape des... Têtes d'enterrement
38%
TOKI 2 En jaune et violet comme joueurs des Yankees Kich', tous les jours, on prend du galon T'es con ou tu fais... Des ballons?
32%
OUTRO 3 Eh, armé, j'ai de quoi tirer sur ces bitch on ass, eh, tellement vendu la , on en est fiché S Eh, au cul, les pe-stu, j'suis dans la tour, eh, minot, ça postulé dans tout les fours Eh, tout pour le ciel, ici bas, plus d'amour, eh, trop tôt parti, j'pense à eux... Tous les jours
30%
24/34 1 Y a aucune coïncidence, igo, y a aucune coïncidence
Et puis quand j'y pense, même les plus coincés dansent
On a charbonné, on s'est battu, armé pour ne pas être...
Abattu
29%
POP 2 Nan, j'fais pas fumer, j'ai roulé mon pers' Ouais, cette année, j'suis revenu tout casser
Comme si j'étais à Sparte et que j'étais...
Un Perse
29%
PROBATION 3 Mais j'ai l'ampoule accroché à mon nine
Heureux quand je verrais l'ennemi die
Aucun diplôme mais j'suis...
Pleins de médailles
28%
AFRIKANBADMAN 5 Là j'suis dans l'fond du club, pas en tournée J'vois celle qui me trouvait cheum, la roue a tourné Non, j'veux pas être son keum, j'... Veux pas être son mari
26%
A$AP 4 Encore des ppes-fra à mettre On s'tue pour des tales, l'Afrique est toujours en guerre Envie d'me racheter des balles pour... Eteindre la Terre entière
22%
FIESTA 1 Actif, envoie ton signal, drogue douce
La médicinale, Hermès
J'sors la máquina...
Vitesse
22%
OPTIMALE 2 Dis-nous si t'as malEst-ce que ton cœur s'emballe? Ça pue, j'inhale, j'ai une... Peine infernale
20%
SOBAD 4 Big Glock, té-ma la taille, les smoke comme Zaza du haut d'un penthouse Don't play ou bien ils die, si ils veulent test, obligés qu'ils perdent tout Vont partir sans dire un coucou, repose en paix, bitch, c'est... Moi qui paye tout
18%
Job 4 Tu te demandes pourquoi? Bitches, parce que c'est mon job Rollie, c'est pas Omega Vilain, mais j'... Plais à ces dames
16%
HERMES 1 Comme la gova, mon pétard est chromé J'traîne avec Bara et j'traîne avec Boomi Tant qu'y aura du porc, on enchaînera les... Missions
13%
Aucun quiz correspondant
Distribution des résultats
% des personnes avec chaque résultat
Percentile par nombre de réponses
Votre historique - résultats
Vous n’avez pas pris ce quiz